|
|
|
|
| LEADER |
00000cam a2200000 7i4500 |
| 001 |
0000314708 |
| 005 |
20241025160759.0 |
| 006 |
a ###g ### 000 1 |
| 007 |
t |
| 008 |
240418s2021 nyu g 000 1eng d |
| 020 |
|
|
|a 9780062845498
|
| 040 |
|
|
|a MBPJ
|b eng
|c MBPJ
|e rda
|
| 090 |
0 |
0 |
|a F
|b KAR
|
| 100 |
1 |
|
|a Karim, Sheba ,
|e author
|
| 245 |
1 |
4 |
|a THE MARVELOUS MIRZA GIRLS
|c SHEBA KARIM
|
| 264 |
|
1 |
|a New York, NY :
|b Quill Tree Books
|c [2021]
|
| 300 |
|
|
|a 388 pages ;
|c 21 cm.
|
| 336 |
|
|
|a text
|2 rdacontent
|
| 337 |
|
|
|a unmediated
|2 rdamedia
|
| 338 |
|
|
|a volume
|2 rdacarrier
|
| 650 |
|
0 |
|a Fiction
|
| 999 |
|
|
|a 00412034
|b BUKU
|c PINJAMAN
|e PERPUSTAKAAN KOMUNITI PETALING JAYA
|